[Event "Irena Warakomska Memorial A"]
[Site "chessmanager.com"]
[Date "2018.08.04"]
[Round "5"]
[White "Fedorov, Alexei"]
[Black "Nasuta, Grzegorz"]
[Result "1/2-1/2"]
[Board "5"]
[WhiteElo "2572"]
[WhiteTitle "GM"]
[WhiteCountry "BLR"]
[WhiteFideId "13500465"]
[WhiteEloChange "-1"]
[BlackElo "2491"]
[BlackTitle "IM"]
[BlackCountry "POL"]
[BlackFideId "1141686"]
[BlackEloChange "1"]

1. e4 {[%clk 1:30:56]} e5 {[%clk 1:30:56]} 2. Nf3 {[%clk 1:31:15]} Nc6 {[%clk
1:31:13]} 3. Bb5 {[%clk 1:31:37]} a6 {[%clk 1:31:39]} 4. Ba4 {[%clk 1:32:01]} Nf6
{[%clk 1:32:03]} 5. O-O {[%clk 1:32:15]} Be7 {[%clk 1:32:27]} 6. Re1 {[%clk
1:32:32]} b5 {[%clk 1:32:48]} 7. Bb3 {[%clk 1:32:56]} d6 {[%clk 1:33:14]} 8. c3
{[%clk 1:33:16]} O-O {[%clk 1:33:37]} 9. h3 {[%clk 1:32:44]} Nb8 {[%clk 1:34:01]}
10. d4 {[%clk 1:32:28]} Nbd7 {[%clk 1:34:26]} 11. c4 {[%clk 1:28:43]} c6 {[%clk
1:33:56]} 12. Nc3 {[%clk 1:26:29]} b4 {[%clk 1:34:05]} 13. Na4 {[%clk 1:26:54]}
c5 {[%clk 1:33:27]} 14. d5 {[%clk 1:27:20]} Re8 {[%clk 1:31:44]} 15. Bc2 {[%clk
1:27:08]} Nf8 {[%clk 1:31:11]} 16. b3 {[%clk 1:19:06]} Ng6 {[%clk 1:31:24]} 17.
Nb2 {[%clk 1:19:10]} Bd7 {[%clk 1:31:15]} 18. a3 {[%clk 1:13:04]} a5 {[%clk
1:31:30]} 19. Nh2 {[%clk 1:13:29]} h6 {[%clk 1:21:31]} 20. Nf1 {[%clk 1:13:41]}
Nh7 {[%clk 1:21:40]} 21. Ne3 {[%clk 0:53:52]} 1/2-1/2

[Event "Irena Warakomska Memorial A"]
[Site "chessmanager.com"]
[Date "2018.08.04"]
[Round "5"]
[White "Leniart, Arkadiusz"]
[Black "Bernadskiy, Vitaliy"]
[Result "0-1"]
[Board "6"]
[WhiteElo "2489"]
[WhiteTitle "IM"]
[WhiteCountry "POL"]
[WhiteFideId "1124226"]
[WhiteEloChange "-4"]
[BlackElo "2586"]
[BlackTitle "GM"]
[BlackCountry "UKR"]
[BlackFideId "14100371"]
[BlackEloChange "4"]

1. d4 {[%clk 1:30:35]} e6 {[%clk 1:26:04]} 2. c4 {[%clk 1:29:39]} Bb4+ {[%clk
1:26:29]} 3. Bd2 {[%clk 1:29:22]} a5 {[%clk 1:26:54]} 4. e4 {[%clk 1:25:22]} d5
{[%clk 1:26:42]} 5. cxd5 {[%clk 1:19:20]} exd5 {[%clk 1:27:08]} 6. e5 {[%clk
1:19:30]} c5 {[%clk 1:27:24]} 7. Bxb4 {[%clk 1:13:14]} axb4 {[%clk 1:27:28]} 8.
dxc5 {[%clk 1:13:33]} Nc6 {[%clk 1:26:06]} 9. Nf3 {[%clk 1:06:08]} Nge7 {[%clk
1:22:36]} 10. Nbd2 {[%clk 1:05:06]} Ng6 {[%clk 1:20:59]} 11. Bb5 {[%clk 1:04:05]}
O-O {[%clk 1:21:09]} 12. Bxc6 {[%clk 0:54:42]} bxc6 {[%clk 1:21:35]} 13. O-O
{[%clk 0:55:04]} f6 {[%clk 1:20:35]} 14. e6 {[%clk 0:37:17]} Bxe6 {[%clk
1:20:33]} 15. h3 {[%clk 0:35:23]} Re8 {[%clk 1:19:23]} 16. Re1 {[%clk 0:35:13]}
Qc7 {[%clk 1:19:34]} 17. Qb3 {[%clk 0:32:30]} Qf4 {[%clk 1:17:24]} 18. Re2 {[%clk
0:27:38]} Bf7 {[%clk 1:13:05]} 19. g3 {[%clk 0:25:49]} Qf5 {[%clk 1:11:23]} 20.
Rxe8+ {[%clk 0:22:13]} Rxe8 {[%clk 1:11:49]} 21. Qxb4 {[%clk 0:21:07]} Qxh3
{[%clk 1:11:32]} 22. Qd4 {[%clk 0:17:42]} h5 {[%clk 1:09:35]} 23. a4 {[%clk
0:16:18]} Re4 {[%clk 1:06:40]} 24. Qd3 {[%clk 0:09:17]} Nf4 {[%clk 1:06:07]} 25.
gxf4 {[%clk 0:08:32]} Rxf4 {[%clk 1:06:33]} 26. Nf1 {[%clk 0:07:55]} Rxf3 {[%clk
1:06:21]} 27. Qd4 {[%clk 0:07:31]} Bg6 {[%clk 1:06:25]} 28. Re1 {[%clk 0:06:02]}
Rf5 {[%clk 1:04:28]} 29. Ng3 {[%clk 0:04:39]} Rg5 {[%clk 1:04:27]} 30. Qf4 {[%clk
0:04:32]} Be4 {[%clk 1:02:49]} 31. Rxe4 {[%clk 0:04:47]} dxe4 {[%clk 1:03:16]}
32. Qxe4 {[%clk 0:05:10]} h4 {[%clk 1:03:30]} 33. Qe8+ {[%clk 0:05:24]} Kh7
{[%clk 1:03:58]} 34. Qe4+ {[%clk 0:05:42]} f5 {[%clk 1:04:02]} 35. Qe3 {[%clk
0:05:33]} hxg3 {[%clk 1:04:25]} 0-1

[Event "Irena Warakomska Memorial A"]
[Site "chessmanager.com"]
[Date "2018.08.04"]
[Round "5"]
[White "Vetoshko, Volodymyr"]
[Black "Matviishen, Viktor"]
[Result "1/2-1/2"]
[Board "7"]
[WhiteElo "2521"]
[WhiteTitle "GM"]
[WhiteCountry "UKR"]
[WhiteFideId "14122480"]
[WhiteEloChange "-1"]
[BlackElo "2423"]
[BlackTitle "IM"]
[BlackCountry "UKR"]
[BlackFideId "14129850"]
[BlackEloChange "1"]

1. e4 {[%clk 1:30:58]} e5 {[%clk 1:30:54]} 2. Nf3 {[%clk 1:31:22]} Nc6 {[%clk
1:31:19]} 3. Bb5 {[%clk 1:31:25]} a6 {[%clk 1:31:42]} 4. Ba4 {[%clk 1:31:53]} Nf6
{[%clk 1:32:04]} 5. O-O {[%clk 1:32:20]} Be7 {[%clk 1:32:10]} 6. Re1 {[%clk
1:32:37]} b5 {[%clk 1:32:35]} 7. Bb3 {[%clk 1:33:03]} O-O {[%clk 1:32:47]} 8. c3
{[%clk 1:32:01]} d6 {[%clk 1:33:10]} 9. h3 {[%clk 1:32:13]} Bb7 {[%clk 1:33:09]}
10. d4 {[%clk 1:31:26]} Re8 {[%clk 1:33:34]} 11. Ng5 {[%clk 1:30:20]} Rf8 {[%clk
1:34:02]} 12. Nf3 {[%clk 1:30:44]} Re8 {[%clk 1:34:28]} 13. Nbd2 {[%clk 1:31:06]}
exd4 {[%clk 1:34:49]} 14. cxd4 {[%clk 1:30:45]} Nd7 {[%clk 1:35:14]} 15. Nf1
{[%clk 1:25:57]} Na5 {[%clk 1:35:29]} 16. Bc2 {[%clk 1:26:13]} Bf6 {[%clk
1:35:54]} 17. Ng3 {[%clk 1:22:30]} g6 {[%clk 1:36:11]} 18. Rb1 {[%clk 1:16:36]}
c5 {[%clk 1:36:31]} 19. d5 {[%clk 1:12:02]} Nc4 {[%clk 1:36:36]} 20. b3 {[%clk
1:11:16]} Ncb6 {[%clk 1:35:30]} 21. Bh6 {[%clk 1:03:48]} a5 {[%clk 1:26:03]} 22.
Nh2 {[%clk 0:57:06]} b4 {[%clk 1:23:22]} 23. Ng4 {[%clk 0:54:10]} Bg5 {[%clk
1:14:03]} 24. f4 {[%clk 0:49:04]} Bxh6 {[%clk 1:14:31]} 25. Nxh6+ {[%clk
0:49:29]} Kf8 {[%clk 1:14:18]} 26. Ng4 {[%clk 0:41:59]} Qh4 {[%clk 1:13:12]} 27.
Ne2 {[%clk 0:34:28]} h5 {[%clk 1:07:59]} 28. Nh2 {[%clk 0:34:05]} a4 {[%clk
1:04:42]} 29. Nf3 {[%clk 0:33:53]} Qf6 {[%clk 1:05:05]} 30. Qd2 {[%clk 0:20:24]}
axb3 {[%clk 1:05:11]} 31. axb3 {[%clk 0:20:49]} Kg8 {[%clk 1:02:52]} 32. Ng5
{[%clk 0:16:41]} Ra2 {[%clk 1:00:59]} 33. Qd1 {[%clk 0:06:39]} 1/2-1/2

[Event "Irena Warakomska Memorial A"]
[Site "chessmanager.com"]
[Date "2018.08.04"]
[Round "5"]
[White "Sadzikowski, Daniel"]
[Black "Teclaf, Pawel"]
[Result "1/2-1/2"]
[Board "11"]
[WhiteElo "2567"]
[WhiteTitle "GM"]
[WhiteCountry "POL"]
[WhiteFideId "1132253"]
[WhiteEloChange "-2"]
[BlackElo "2399"]
[BlackTitle "CM"]
[BlackCountry "POL"]
[BlackFideId "1185934"]
[BlackEloChange "4"]

1. Nf3 {[%clk 1:30:49]} Nf6 {[%clk 1:26:59]} 2. c4 {[%clk 1:31:08]} e6 {[%clk
1:22:48]} 3. Nc3 {[%clk 1:29:44]} d5 {[%clk 1:22:58]} 4. d4 {[%clk 1:30:02]} c5
{[%clk 1:22:51]} 5. cxd5 {[%clk 1:29:47]} exd5 {[%clk 1:23:03]} 6. Bg5 {[%clk
1:27:34]} cxd4 {[%clk 1:22:57]} 7. Nxd4 {[%clk 1:26:43]} Be7 {[%clk 1:22:20]} 8.
e3 {[%clk 1:23:21]} O-O {[%clk 1:21:08]} 9. Be2 {[%clk 1:23:28]} Nc6 {[%clk
1:20:20]} 10. O-O {[%clk 1:22:43]} Be6 {[%clk 1:18:32]} 11. Rc1 {[%clk 1:05:10]}
Rc8 {[%clk 1:09:32]} 12. a3 {[%clk 1:05:28]} Na5 {[%clk 0:50:30]} 13. Qa4 {[%clk
0:49:30]} a6 {[%clk 0:45:50]} 14. Rfd1 {[%clk 0:49:29]} b5 {[%clk 0:43:49]} 15.
Qc2 {[%clk 0:49:53]} Qd7 {[%clk 0:27:36]} 16. Qb1 {[%clk 0:43:27]} h6 {[%clk
0:20:32]} 17. Bh4 {[%clk 0:39:31]} Ne4 {[%clk 0:18:33]} 18. Bxe7 {[%clk 0:36:17]}
Nxc3 {[%clk 0:18:50]} 19. Rxc3 {[%clk 0:36:35]} Qxe7 {[%clk 0:19:08]} 20. Rdc1
{[%clk 0:31:44]} Nc4 {[%clk 0:17:27]} 21. Qc2 {[%clk 0:29:21]} Bd7 {[%clk
0:17:06]} 22. Bf3 {[%clk 0:29:17]} Qe5 {[%clk 0:15:15]} 23. Qe2 {[%clk 0:26:34]}
Qd6 {[%clk 0:13:45]} 24. R3c2 {[%clk 0:18:41]} g6 {[%clk 0:10:52]} 25. Qe1 {[%clk
0:17:05]} Ne5 {[%clk 0:09:57]} 26. Rxc8 {[%clk 0:10:46]} Bxc8 {[%clk 0:09:28]}
27. Qe2 {[%clk 0:08:01]} Nc4 {[%clk 0:08:38]} 28. h3 {[%clk 0:07:10]} Re8 {[%clk
0:07:33]} 29. Qc2 {[%clk 0:06:41]} Bd7 {[%clk 0:05:17]} 30. Qc3 {[%clk 0:05:21]}
Rc8 {[%clk 0:05:03]} 31. Qb3 {[%clk 0:05:37]} Rc5 {[%clk 0:03:50]} 32. Qb4 {[%clk
0:03:18]} a5 {[%clk 0:04:15]} 33. Qe1 {[%clk 0:03:22]} Nxb2 {[%clk 0:03:04]} 34.
Rxc5 {[%clk 0:03:45]} Qxc5 {[%clk 0:03:33]} 35. Qxa5 {[%clk 0:04:03]} Kg7 {[%clk
0:03:34]} 36. Qd8 {[%clk 0:03:08]} Be6 {[%clk 0:02:04]} 37. Qb8 {[%clk 0:01:17]}
Nd3 {[%clk 0:01:23]} 38. Kh2 {[%clk 0:00:34]} Qxa3 {[%clk 0:00:57]} 39. Be2
{[%clk 0:00:49]} Qc3 {[%clk 0:00:42]} 40. Bxd3 {[%clk 0:30:37]} Qxd3 {[%clk
0:31:11]} 41. Qc7 {[%clk 0:18:23]} Kg8 {[%clk 0:20:13]} 42. Qb8+ {[%clk 0:17:11]}
Kg7 {[%clk 0:20:11]} 43. Qxb5 {[%clk 0:17:03]} Qxb5 {[%clk 0:18:57]} 44. Nxb5
{[%clk 0:17:21]} Kf6 {[%clk 0:18:42]} 45. Kg3 {[%clk 0:16:18]} Ke5 {[%clk
0:18:46]} 46. Kf3 {[%clk 0:15:33]} g5 {[%clk 0:16:35]} 47. Nd4 {[%clk 0:14:28]}
Bd7 {[%clk 0:16:13]} 48. Ke2 {[%clk 0:13:58]} Bc8 {[%clk 0:13:55]} 49. h4 {[%clk
0:12:34]} gxh4 {[%clk 0:10:36]} 50. Nf3+ {[%clk 0:13:02]} Ke4 {[%clk 0:10:59]}
51. Nxh4 {[%clk 0:13:25]} d4 {[%clk 0:10:40]} 52. exd4 {[%clk 0:13:20]} Kxd4
{[%clk 0:10:36]} 53. Kf3 {[%clk 0:13:47]} Ke5 {[%clk 0:10:59]} 54. Ke3 {[%clk
0:13:45]} Bb7 {[%clk 0:10:20]} 55. f3 {[%clk 0:13:51]} Bc8 {[%clk 0:09:07]} 56.
g3 {[%clk 0:13:49]} Bh3 {[%clk 0:08:14]} 57. Kf2 {[%clk 0:14:17]} h5 {[%clk
0:08:08]} 58. Ke3 {[%clk 0:14:22]} Bf1 {[%clk 0:07:57]} 59. Kf2 {[%clk 0:11:26]}
Bh3 {[%clk 0:08:18]} 60. Ke1 {[%clk 0:11:28]} Kd5 {[%clk 0:07:34]} 61. Kd2 {[%clk
0:11:47]} Kd4 {[%clk 0:07:29]} 62. Ke2 {[%clk 0:12:15]} Ke5 {[%clk 0:07:26]} 63.
Kd3 {[%clk 0:12:38]} Bf1+ {[%clk 0:07:29]} 64. Ke3 {[%clk 0:13:07]} Bh3 {[%clk
0:06:58]} 65. f4+ {[%clk 0:13:36]} Kf6 {[%clk 0:07:10]} 66. Nf3 {[%clk 0:14:05]}
Bg2 {[%clk 0:07:20]} 67. Nd4 {[%clk 0:13:25]} Bd5 {[%clk 0:07:30]} 68. Kf2 {[%clk
0:13:54]} Be4 {[%clk 0:07:13]} 69. Kg1 {[%clk 0:14:22]} Bf5 {[%clk 0:07:23]} 70.
Kg2 {[%clk 0:14:46]} Bc8 {[%clk 0:07:12]} 71. Kf2 {[%clk 0:14:32]} Bg4 {[%clk
0:07:10]} 72. Ke3 {[%clk 0:15:00]} Bc8 {[%clk 0:07:30]} 73. Kd3 {[%clk 0:15:25]}
Ba6+ {[%clk 0:07:32]} 74. Kc3 {[%clk 0:15:51]} Ke7 {[%clk 0:07:30]} 75. Nc2
{[%clk 0:15:52]} Ke6 {[%clk 0:07:46]} 76. Ne3 {[%clk 0:16:18]} Bb7 {[%clk
0:08:01]} 77. Kd3 {[%clk 0:16:25]} Bc6 {[%clk 0:08:06]} 78. Nc2 {[%clk 0:13:52]}
Bb7 {[%clk 0:06:59]} 79. Nd4+ {[%clk 0:14:17]} Kf6 {[%clk 0:07:08]} 80. Kc4
{[%clk 0:14:15]} Be4 {[%clk 0:07:17]} 81. Kc5 {[%clk 0:14:44]} Ke7 {[%clk
0:07:42]} 82. Nb5 {[%clk 0:14:02]} Ke6 {[%clk 0:08:04]} 83. Nd4+ {[%clk 0:13:56]}
Ke7 {[%clk 0:08:31]} 84. Kc4 {[%clk 0:14:10]} Kd6 {[%clk 0:08:29]} 85. Nb5+
{[%clk 0:14:12]} Ke6 {[%clk 0:07:49]} 86. Nd4+ {[%clk 0:14:29]} 1/2-1/2

[Event "Irena Warakomska Memorial A"]
[Site "chessmanager.com"]
[Date "2018.08.04"]
[Round "5"]
[White "Kowalski, Igor"]
[Black "Socko, Monika"]
[Result "1/2-1/2"]
[Board "16"]
[WhiteElo "2324"]
[WhiteTitle "FM"]
[WhiteCountry "POL"]
[WhiteFideId "1172468"]
[WhiteEloChange "4"]
[BlackElo "2464"]
[BlackTitle "GM"]
[BlackCountry "POL"]
[BlackFideId "1106619"]
[BlackEloChange "-2"]

1. d4 {[%clk 1:30:58]} Nf6 {[%clk 1:30:49]} 2. c4 {[%clk 1:31:24]} g6 {[%clk
1:31:15]} 3. Nc3 {[%clk 1:31:51]} Bg7 {[%clk 1:31:41]} 4. e4 {[%clk 1:32:16]} O-O
{[%clk 1:32:05]} 5. Be2 {[%clk 1:32:41]} c6 {[%clk 1:32:15]} 6. Nf3 {[%clk
1:10:22]} d5 {[%clk 1:31:07]} 7. e5 {[%clk 1:10:01]} Ne8 {[%clk 1:23:34]} 8. cxd5
{[%clk 1:09:46]} cxd5 {[%clk 1:24:00]} 9. h4 {[%clk 1:10:05]} Nc6 {[%clk
1:08:08]} 10. h5 {[%clk 1:10:04]} Nc7 {[%clk 1:04:08]} 11. hxg6 {[%clk 1:09:56]}
hxg6 {[%clk 1:04:22]} 12. Be3 {[%clk 1:07:19]} f6 {[%clk 0:39:46]} 13. Bd3 {[%clk
0:52:32]} Bf5 {[%clk 0:35:22]} 14. Bxf5 {[%clk 0:24:05]} gxf5 {[%clk 0:35:50]}
15. e6 {[%clk 0:22:56]} f4 {[%clk 0:24:56]} 16. Bxf4 {[%clk 0:18:24]} Nxe6 {[%clk
0:25:22]} 17. Bh6 {[%clk 0:18:34]} Qd6 {[%clk 0:17:13]} 18. Bxg7 {[%clk 0:11:07]}
Nxg7 {[%clk 0:16:47]} 19. Qd3 {[%clk 0:11:19]} Qe6+ {[%clk 0:15:15]} 20. Kd2
{[%clk 0:11:26]} Qf5 {[%clk 0:14:36]} 21. Rae1 {[%clk 0:04:40]} Rad8 {[%clk
0:13:03]} 22. a3 {[%clk 0:01:59]} Qxd3+ {[%clk 0:09:47]} 23. Kxd3 {[%clk
0:02:25]} Rfe8 {[%clk 0:09:40]} 24. Nd2 {[%clk 0:02:22]} e5 {[%clk 0:06:05]} 25.
Nb3 {[%clk 0:01:49]} Ne6 {[%clk 0:04:18]} 26. Ne2 {[%clk 0:01:40]} Kg7 {[%clk
0:04:08]} 27. f3 {[%clk 0:01:11]} Rh8 {[%clk 0:03:34]} 28. Rxh8 {[%clk 0:01:25]}
Rxh8 {[%clk 0:03:58]} 29. Ke3 {[%clk 0:01:02]} exd4+ {[%clk 0:03:20]} 30. Kf2
{[%clk 0:00:58]} d3 {[%clk 0:02:54]} 31. Nc3 {[%clk 0:00:56]} Nf4 {[%clk
0:03:01]} 32. Kg3 {[%clk 0:01:13]} Nh5+ {[%clk 0:02:16]} 33. Kf2 {[%clk 0:01:36]}
Rd8 {[%clk 0:01:04]} 34. Rd1 {[%clk 0:01:23]} Nf4 {[%clk 0:00:42]} 35. Nc5 {[%clk
0:01:25]} d4 {[%clk 0:00:39]} 36. N3e4 {[%clk 0:01:28]} b6 {[%clk 0:00:51]} 37.
Nxd3 {[%clk 0:01:49]} Nxd3+ {[%clk 0:01:15]} 38. Rxd3 {[%clk 0:02:15]} Ne5 {[%clk
0:01:36]} 39. Rd1 {[%clk 0:02:05]} Kf7 {[%clk 0:00:51]} 40. b3 {[%clk 0:31:38]}
Rd7 {[%clk 0:30:53]} 41. Ke2 {[%clk 0:31:09]} Ke6 {[%clk 0:28:06]} 42. f4 {[%clk
0:27:55]} Ng4 {[%clk 0:27:05]} 43. Kf3 {[%clk 0:15:22]} f5 {[%clk 0:23:04]} 44.
Ng3 {[%clk 0:15:16]} Ne3 {[%clk 0:15:33]} 45. Rd2 {[%clk 0:13:55]} Ng4 {[%clk
0:09:50]} 46. Rd3 {[%clk 0:10:43]} Nh2+ {[%clk 0:08:50]} 47. Kf2 {[%clk 0:10:53]}
Ng4+ {[%clk 0:09:15]} 48. Kf3 {[%clk 0:11:04]} 1/2-1/2

[Event "Irena Warakomska Memorial A"]
[Site "chessmanager.com"]
[Date "2018.08.04"]
[Round "5"]
[White "Grib, Roman"]
[Black "Paszewski, Mateusz"]
[Result "1/2-1/2"]
[Board "17"]
[WhiteElo "2445"]
[WhiteTitle "IM"]
[WhiteCountry "BLR"]
[WhiteFideId "13506706"]
[WhiteEloChange "-2"]
[BlackElo "2293"]
[BlackTitle "FM"]
[BlackCountry "POL"]
[BlackFideId "1141058"]
[BlackEloChange "4"]

1. e4 {[%clk 1:30:55]} c6 {[%clk 1:30:57]} 2. Nf3 {[%clk 1:30:32]} d5 {[%clk
1:29:54]} 3. Nc3 {[%clk 1:30:57]} Nf6 {[%clk 1:30:14]} 4. Qe2 {[%clk 1:30:43]} d4
{[%clk 1:25:51]} 5. Nb1 {[%clk 1:30:45]} c5 {[%clk 1:24:59]} 6. d3 {[%clk
1:30:56]} Nc6 {[%clk 1:25:16]} 7. g3 {[%clk 1:31:22]} e5 {[%clk 1:18:22]} 8. Bg2
{[%clk 1:31:46]} Be7 {[%clk 1:18:46]} 9. O-O {[%clk 1:31:32]} O-O {[%clk
1:18:18]} 10. Nbd2 {[%clk 1:28:42]} Ne8 {[%clk 1:15:42]} 11. Nc4 {[%clk 1:25:53]}
f6 {[%clk 1:15:27]} 12. a4 {[%clk 1:26:18]} Be6 {[%clk 1:12:51]} 13. Nh4 {[%clk
1:21:28]} Nd6 {[%clk 1:10:26]} 14. Nxd6 {[%clk 1:18:42]} Bxd6 {[%clk 1:09:56]}
15. Nf5 {[%clk 1:17:14]} Re8 {[%clk 1:03:41]} 16. h4 {[%clk 0:49:35]} Qd7 {[%clk
0:51:24]} 1/2-1/2

[Event "Irena Warakomska Memorial A"]
[Site "chessmanager.com"]
[Date "2018.08.04"]
[Round "5"]
[White "Sowul, Bartosz"]
[Black "Omelja, Artem"]
[Result "0-1"]
[Board "18"]
[WhiteElo "2242"]
[WhiteCountry "POL"]
[WhiteFideId "1137590"]
[WhiteEloChange "-5"]
[BlackElo "2445"]
[BlackCountry "UKR"]
[BlackFideId "14119846"]
[BlackEloChange "2"]

1. d4 {[%clk 1:30:56]} e6 {[%clk 1:30:27]} 2. Nf3 {[%clk 1:27:31]} d5 {[%clk
1:30:01]} 3. e3 {[%clk 1:27:29]} Nf6 {[%clk 1:26:32]} 4. c4 {[%clk 1:27:51]} b6
{[%clk 1:26:48]} 5. Bd3 {[%clk 1:27:52]} Bd6 {[%clk 1:26:49]} 6. O-O {[%clk
1:28:04]} O-O {[%clk 1:26:42]} 7. b3 {[%clk 1:28:20]} Bb7 {[%clk 1:26:14]} 8. Bb2
{[%clk 1:28:36]} Nbd7 {[%clk 1:25:50]} 9. Nc3 {[%clk 1:28:58]} a6 {[%clk
1:23:05]} 10. Rc1 {[%clk 1:29:07]} Ne4 {[%clk 1:22:28]} 11. Ne2 {[%clk 1:24:40]}
f5 {[%clk 1:11:48]} 12. Ne5 {[%clk 1:20:35]} Nxe5 {[%clk 1:11:47]} 13. dxe5
{[%clk 1:20:59]} Bc5 {[%clk 1:10:58]} 14. Nf4 {[%clk 1:18:37]} Qe7 {[%clk
1:10:57]} 15. Qe2 {[%clk 1:13:51]} c6 {[%clk 1:04:22]} 16. f3 {[%clk 1:05:39]}
Ng5 {[%clk 1:04:17]} 17. h4 {[%clk 1:05:40]} Nf7 {[%clk 1:03:44]} 18. g3 {[%clk
1:05:57]} a5 {[%clk 1:00:26]} 19. a4 {[%clk 0:58:52]} Bc8 {[%clk 0:56:03]} 20.
Bb1 {[%clk 0:46:13]} dxc4 {[%clk 0:50:12]} 21. bxc4 {[%clk 0:46:27]} Qc7 {[%clk
0:50:02]} 22. Nd3 {[%clk 0:46:28]} Be7 {[%clk 0:49:59]} 23. e4 {[%clk 0:45:29]}
Nh6 {[%clk 0:47:23]} 24. Nf4 {[%clk 0:41:38]} g6 {[%clk 0:41:37]} 25. c5 {[%clk
0:31:09]} Bxc5+ {[%clk 0:40:59]} 26. Rxc5 {[%clk 0:30:25]} bxc5 {[%clk 0:41:21]}
27. Ba2 {[%clk 0:30:09]} Qe7 {[%clk 0:36:26]} 28. Qc4 {[%clk 0:27:51]} Re8 {[%clk
0:32:15]} 29. Rd1 {[%clk 0:19:16]} fxe4 {[%clk 0:21:41]} 30. fxe4 {[%clk
0:15:39]} Nf7 {[%clk 0:19:51]} 31. Qc3 {[%clk 0:13:57]} Rb8 {[%clk 0:17:51]} 32.
Rf1 {[%clk 0:10:59]} Rb4 {[%clk 0:15:19]} 33. Bc4 {[%clk 0:08:53]} Qa7 {[%clk
0:10:22]} 34. Rf2 {[%clk 0:06:47]} Rxa4 {[%clk 0:07:37]} 35. Nd3 {[%clk 0:05:56]}
Rb4 {[%clk 0:06:39]} 36. Rf6 {[%clk 0:05:52]} Qb6 {[%clk 0:03:44]} 37. Qc1 {[%clk
0:05:09]} Rxb2 {[%clk 0:03:14]} 38. Nxb2 {[%clk 0:05:05]} Nxe5 {[%clk 0:03:28]}
39. h5 {[%clk 0:04:52]} Qd8 {[%clk 0:03:11]} 40. Rf2 {[%clk 0:31:41]} Rf8 {[%clk
0:31:33]} 0-1

[Event "Irena Warakomska Memorial A"]
[Site "chessmanager.com"]
[Date "2018.08.04"]
[Round "5"]
[White "Debarshi, Mukherjee"]
[Black "Budrewicz, Krzysztof"]
[Result "0-1"]
[Board "25"]
[WhiteElo "2292"]
[WhiteCountry "IND"]
[WhiteFideId "5007291"]
[WhiteEloChange "-13"]
[BlackElo "2203"]
[BlackCountry "POL"]
[BlackFideId "1127950"]
[BlackEloChange "13"]

1. d4 {[%clk 1:30:30]} Nf6 {[%clk 1:30:34]} 2. c4 {[%clk 1:30:49]} g6 {[%clk
1:30:32]} 3. Nc3 {[%clk 1:31:14]} Bg7 {[%clk 1:30:52]} 4. e4 {[%clk 1:31:39]} O-O
{[%clk 1:31:17]} 5. Be2 {[%clk 1:32:03]} d6 {[%clk 1:31:16]} 6. Bg5 {[%clk
1:32:28]} Na6 {[%clk 1:30:39]} 7. f4 {[%clk 1:31:00]} c5 {[%clk 1:27:47]} 8. d5
{[%clk 1:28:44]} Qa5 {[%clk 1:24:41]} 9. Qd2 {[%clk 1:24:57]} e6 {[%clk 1:24:40]}
10. Nf3 {[%clk 1:16:05]} exd5 {[%clk 1:22:25]} 11. exd5 {[%clk 1:16:24]} Re8
{[%clk 1:14:03]} 12. O-O {[%clk 1:14:44]} Bf5 {[%clk 1:12:02]} 13. Rfe1 {[%clk
0:53:05]} h6 {[%clk 0:53:17]} 14. Bh4 {[%clk 0:47:59]} Qb4 {[%clk 0:47:54]} 15.
a3 {[%clk 0:29:05]} Qb3 {[%clk 0:47:27]} 16. Bd3 {[%clk 0:27:19]} Nc7 {[%clk
0:47:15]} 17. Qd1 {[%clk 0:16:17]} Qxd1 {[%clk 0:39:50]} 18. Raxd1 {[%clk
0:16:41]} Bxd3 {[%clk 0:37:51]} 19. Rxd3 {[%clk 0:16:41]} Rxe1+ {[%clk 0:38:15]}
20. Bxe1 {[%clk 0:17:01]} Re8 {[%clk 0:38:30]} 21. a4 {[%clk 0:13:22]} Ne4 {[%clk
0:35:48]} 22. Nd1 {[%clk 0:13:26]} f5 {[%clk 0:35:45]} 23. Rb3 {[%clk 0:10:54]}
b6 {[%clk 0:35:59]} 24. Ne3 {[%clk 0:11:19]} Bd4 {[%clk 0:30:08]} 25. Kf1 {[%clk
0:10:29]} Rb8 {[%clk 0:23:09]} 26. Nxd4 {[%clk 0:08:25]} cxd4 {[%clk 0:23:12]}
27. Nc2 {[%clk 0:08:25]} Nc5 {[%clk 0:22:16]} 28. Rg3 {[%clk 0:08:49]} d3 {[%clk
0:21:56]} 29. Nb4 {[%clk 0:09:09]} Kf7 {[%clk 0:22:16]} 30. Nxd3 {[%clk 0:07:46]}
Nxa4 {[%clk 0:22:14]} 31. b3 {[%clk 0:07:59]} Nc5 {[%clk 0:22:39]} 32. Nb4 {[%clk
0:08:13]} Re8 {[%clk 0:22:21]} 33. Nc6 {[%clk 0:07:36]} b5 {[%clk 0:19:18]} 34.
b4 {[%clk 0:05:48]} Na4 {[%clk 0:15:48]} 35. Ra3 {[%clk 0:00:44]} a6 {[%clk
0:15:30]} 36. Bf2 Re4 {[%clk 0:10:00]} 37. Nd4 Rxf4 {[%clk 0:09:43]} 38. g3 Re4
{[%clk 0:09:57]} 39. cxb5 axb5 {[%clk 0:09:48]} 40. Ra1 Ke7 {[%clk 0:09:24]} 41.
Nxb5 Nxb5 {[%clk 0:08:24]} 42. Rxa4 Kf6 {[%clk 0:06:50]} 43. Be1 Re5 {[%clk
0:07:04]} 44. Bd2 g5 {[%clk 0:07:13]} 45. h4 Rxd5 {[%clk 0:07:06]} 46. hxg5+ hxg5
{[%clk 0:07:30]} 47. Be1 Kg6 {[%clk 0:05:58]} 48. Ra5 Kh5 {[%clk 0:06:02]} 49.
Kg2 Kg4 {[%clk 0:05:55]} 50. Bf2 Re5 {[%clk 0:06:04]} 51. Kf1 Kf3 {[%clk
0:06:02]} 52. Be1 Ke3 {[%clk 0:03:20]} 53. Bf2+ Kd3 {[%clk 0:03:45]} 54. Be1 Kc4
{[%clk 0:04:10]} 55. Bd2 g4 {[%clk 0:04:18]} 56. Ra6 Rd5 {[%clk 0:03:34]} 57.
Rc6+ Kb3 {[%clk 0:03:42]} 58. Be1 Nd4 {[%clk 0:02:46]} 59. Rc8 Nc2 {[%clk
0:00:36]} 60. Bf2 Nxb4 {[%clk 0:00:56]} 61. Ke2 Na6 {[%clk 0:00:43]} 62. Rd8 Kc4
{[%clk 0:00:42]} 0-1